Conferencias, artículos, discursos y brindis /
En este libro se presenta una recopilación de artículos y discursos del médico mexicano, Gabriel Malda Monterde, quien fuera director del Hospital Juárez en 1907 y profesor de anatomía en la Escuela de Medicina en 1911. Malta Monterde fue también representante de nuestro país en distintos Congresos...
Gardado en:
| Autor Principal: | |
|---|---|
| Formato: | Libro |
| Idioma: | Lingua castelá |
| Temas: | |
| Etiquetas: |
Sen Etiquetas, Sexa o primeiro en etiquetar este rexistro!
|
MARC
| LEADER | 00000nam^a2200000^a^4500 | ||
|---|---|---|---|
| 001 | 000136339 | ||
| 005 | 20250521000000.0 | ||
| 009 | 20260310095315.678 | ||
| 037 | |a Acervo ITESO - Biblioteca | ||
| 041 | |a ESP | ||
| 082 | |a 610. 972 |b MAL | ||
| 100 | |a Malda Monterde, Gabriel |e (autor) | ||
| 245 | 0 | 0 | |a Conferencias, artículos, discursos y brindis / |c G. Malda Monterde. |
| 264 | |a México : |b Botas, |c 1946 | ||
| 300 | |a 496 p. | ||
| 336 | |a texto |b txt |2 rdacontenido | ||
| 337 | |a sin mediación |b n |2 rdamedio | ||
| 338 | |a volumen |b nc |2 rdasoporte | ||
| 520 | |a En este libro se presenta una recopilación de artículos y discursos del médico mexicano, Gabriel Malda Monterde, quien fuera director del Hospital Juárez en 1907 y profesor de anatomía en la Escuela de Medicina en 1911. Malta Monterde fue también representante de nuestro país en distintos Congresos internacionales. | ||
| 649 | |a XX | ||
| 650 | |a Medicina - |z México - |x Historia - |y Siglo XX | ||
| 650 | |a Médicos Mexicanos - |x Discursos | ||
| 650 | |a Médicos Mexicanos - |x Memorias | ||
| 650 | |a Malda Monterde, Gabriel | ||
| 910 | |a Fondo Salvador Reynoso Reynoso | ||
| 920 | |a Impresos - Libros | ||
| 930 | |a Fondos Especiales | ||
| 905 | |a 112 | ||
| 901 | |a 0800013816 |b IT2 |c ESP |u 20250521 | ||
| 902 | |a https://opac.biblio.iteso.mx/vufind/Record/000136339 | ||